000 005440000a22001690004500
003 MACL
005 20160315115451.0
008 160315b xxu||||| |||| 00| 0 eng d
040 _aMACL
_cMACL
041 _aHindi
082 _a920
100 _aकिशोरलाल मशरूवाला
_940293
245 _aगांधी विचार दोहन
260 _bसस्‍ता साहित्‍य मंडल प्रकाशन
_c1953
_aदिल्‍ली
650 _aBiography
_945972
942 _cHIN
_k920
_2ddc
999 _c23191
_d23191